Implementation of photoactive nanomaterials on the production of bioethanol from agricultural wastes / (رقم التسجيلة. 177966)

تفاصيل مارك
000 -LEADER
fixed length control field 06299namaa22004331i 4500
003 - CONTROL NUMBER IDENTIFIER
control field EG-GICUC
005 - أخر تعامل مع التسجيلة
control field 20260203121650.0
008 - FIXED-LENGTH DATA ELEMENTS--GENERAL INFORMATION
fixed length control field 260122s2025 ua a|||frm||| 000 0 eng d
040 ## - CATALOGING SOURCE
Original cataloguing agency EG-GICUC
Language of cataloging eng
Transcribing agency EG-GICUC
Modifying agency EG-GICUC
Description conventions rda
041 0# - LANGUAGE CODE
Language code of text/sound track or separate title eng
Language code of summary or abstract eng
-- ara
049 ## - Acquisition Source
Acquisition Source Deposit
082 04 - DEWEY DECIMAL CLASSIFICATION NUMBER
Classification number 363.728
092 ## - LOCALLY ASSIGNED DEWEY CALL NUMBER (OCLC)
Classification number 363.728
Edition number 21
097 ## - Degree
Degree M.Sc
099 ## - LOCAL FREE-TEXT CALL NUMBER (OCLC)
Local Call Number Cai01.24.05.M.Sc.2025.Mo.I
100 0# - MAIN ENTRY--PERSONAL NAME
Authority record control number or standard number Mona Mohamed Sayed Maghraby,
Preparation preparation.
245 10 - TITLE STATEMENT
Title Implementation of photoactive nanomaterials on the production of bioethanol from agricultural wastes /
Statement of responsibility, etc. by Mona Mohamed Sayed Maghraby ; Supervisors Prof. Yasser Attia Attia, Prof. Samar Saeed Mahmoud Abdou.
246 15 - VARYING FORM OF TITLE
Title proper/short title استخدام المواد النانوية المحفزة ضوئيا علي إنتاج الإيثانول الحيوي من المخلفات الزراعية
264 #0 - PRODUCTION, PUBLICATION, DISTRIBUTION, MANUFACTURE, AND COPYRIGHT NOTICE
Date of production, publication, distribution, manufacture, or copyright notice 2025.
300 ## - PHYSICAL DESCRIPTION
Extent 81 pages :
Other physical details illustrations ;
Dimensions 25 cm. +
Accompanying material CD.
336 ## - CONTENT TYPE
Content type term text
Source rda content
337 ## - MEDIA TYPE
Media type term Unmediated
Source rdamedia
338 ## - CARRIER TYPE
Carrier type term volume
Source rdacarrier
502 ## - DISSERTATION NOTE
Dissertation note Thesis (M.Sc)-Cairo University, 2025.
504 ## - BIBLIOGRAPHY, ETC. NOTE
Bibliography, etc. note Bibliography: pages 71-81.
520 #3 - SUMMARY, ETC.
Summary, etc. This study explores the impact of various nanoparticles, specifically cobalt ferrite (CoFe2O4), <br/>graphitic carbon nitride (g-C3N4), and their composite (CoFe2O4/g-C3N4), on the production of <br/>ethanol by Saccharomyces cerevisiae using banana peel biomass. Most notably, the control group <br/>without any nanoparticle addition yielded 11.157% bioethanol. However, the introduction of <br/>100 ppm of CoFe2O4 nanoparticles enhanced ethanol production, yielding 52.157%. Additionally, <br/>increasing the concentration of the CoFe2O4/g-C3N4 composite to 100 ppm resulted in a prominent <br/>improvement, reaching an ethanol yield of 35.44%. Even with 100 ppm of g-C3N4 alone, ethanol <br/>production increased to 20%. To optimize the fermentation process, the study also reviewed the <br/>effects of visible light irradiation on ethanol production, both in the presence and absence of these <br/>nanomaterials. The results revealed that light irradiation could stimulate bioethanol production by <br/>15.44% compared to the control. When light was combined with nanoparticles, the effects were <br/>more pronounced, indicating that light-activated nanoparticles represent a promising strategy for <br/>enhancing the yields of ethanol. The findings highlight the potential of CoFe2O4 nanoparticles, <br/>particularly when photoactivated, to significantly increase ethanol yields from banana peels. <br/>Moreover, the study determines the optimal concentration of the CoFe2O4/g-C3N4 composite as an <br/>effective path for sustainable production of bioethanol. This study also contributes to the <br/>improvement of more efficient and eco-friendly strategies for renewable fuel generation in <br/>addition to the great understanding of nanomaterial applications in fermentation.
520 #3 - SUMMARY, ETC.
Summary, etc. تبحث هذه الدراسة في تأثير المواد النانوية المختلفة ، وتحديدا (CoFe2O4) ، (g-C3N4) ، ومركباتها (CoFe2O4 / g-C3N4) ، على قدرات إنتاج الإيثانول ل Saccharomyces cerevisiae باستخدام الكتلة الحيوية لقشر الموز. والجدير بالذكر أن المجموعة الضابطة التي لم تحتوي على أي إضافة للمواد النانوية أسفرت عن انتاج إيثانول حيوي بنسبة 11.157٪. ومع ذلك ، فإن إدخال 100 جزء في المليون من الجسيمات النانوية CoFe2O4عزز بشكل كبير إنتاج الإيثانول ، محققا 52.157٪. بالإضافة إلى ذلك ، أدت زيادة تركيز مركب CoFe2O4 / g-C3N4 إلى 100 جزء في المليون إلى تحسن ملحوظ ، حيث وصل إلى إنتاج الإيثانول بنسبة 35.44٪. حتى مع وجود 100 جزء في المليون من g-C3N4وحده ، زاد إنتاج الإيثانول إلى 23٪.<br/>لزيادة تحسين عملية التخمير ، فحصت الدراسة أيضا تأثيرات تشعيع الضوء المرئي على إنتاج الإيثانول ، سواء في وجود هذه المواد النانوية أو عدم وجودها. كشفت النتائج أن التشعيع الضوئي يمكن أن يحفز إنتاج الإيثانول الحيوي بنسبة 15.44٪ مقارنة بالمجموعة الضابطة. عندما تم دمج الضوء مع المواد النانوية ، كانت التأثيرات التحفيزية أكثر وضوحا ، مما يشير إلى أن المواد النانوية التي يتم تنشيطها بالضوء تمثل استراتيجية واعدة لتعزيز إنتاجية الإيثانول. كم ان النتائج تسلط الضوء على إمكانيات المواد النانوية CoFe2O4 ، خاصة عند تنشيطها ضوئيا ، لرفع إنتاجية الإيثانول بشكل كبير من قشور الموز. علاوة على ذلك ، تحدد الدراسة التركيز الأمثل لمركب CoFe2O4 / g-C3N4كمسار قابل للتطبيق لإنتاج الإيثانول الحيوي المستدام. لا يعمل هذا البحث على تعزيز فهم تطبيقات المواد النانوية في عمليات التخمير فحسب ، بل يساهم أيضا في تطويراسترايجياتأكثر كفاءة وصديقة للبيئة
530 ## - ADDITIONAL PHYSICAL FORM AVAILABLE NOTE
Issues CD Issues also as CD.
546 ## - LANGUAGE NOTE
Text Language Text in English and abstract in Arabic & English.
650 #0 - SUBJECT ADDED ENTRY--TOPICAL TERM
Topical term or geographic name entry element Agricultural wastes
650 #0 - SUBJECT ADDED ENTRY--TOPICAL TERM
Topical term or geographic name entry element المخلفات الزراعية
653 #1 - INDEX TERM--UNCONTROLLED
Uncontrolled term Nanoparticles
-- Bioethanol production
-- Saccharomyces cerevisiae
-- Banana peel biomass
-- Sustainable energy
-- Light irradiation
-- المواد النانوية
-- إنتاج الإيثانول الحيوي
700 0# - ADDED ENTRY--PERSONAL NAME
Personal name Yasser Attia Attia
Relator term thesis advisor.
700 0# - ADDED ENTRY--PERSONAL NAME
Personal name Samar Saeed Mahmoud Abdou
Relator term thesis advisor.
900 ## - Thesis Information
Grant date 01-01-2024
Supervisory body Yasser Attia Attia
-- Samar Saeed Mahmoud Abdou
Universities Cairo University
Faculties National Institute of Laser Enhanced Sciences
Department Department of Laser Science (Photochemistry and Photobiology)
905 ## - Cataloger and Reviser Names
Cataloger Name Shimaa
Reviser Names Eman Ghareb
942 ## - ADDED ENTRY ELEMENTS (KOHA)
Source of classification or shelving scheme Dewey Decimal Classification
Koha item type Thesis
Edition 21
Suppress in OPAC No
المقتنيات
Source of classification or shelving scheme Home library Current library Date acquired Inventory number Full call number Barcode Date last seen Effective from Koha item type
Dewey Decimal Classification المكتبة المركزبة الجديدة - جامعة القاهرة قاعة الرسائل الجامعية - الدور الاول 22.01.2026 93216 Cai01.24.05.M.Sc.2025.Mo.I 01010110093216000 22.01.2026 22.01.2026 Thesis
Cairo University Libraries Portal Implemented & Customized by: Eng. M. Mohamady Contacts: new-lib@cl.cu.edu.eg | cnul@cl.cu.edu.eg
CUCL logo CNUL logo
© All rights reserved — Cairo University Libraries
CUCL logo
Implemented & Customized by: Eng. M. Mohamady Contact: new-lib@cl.cu.edu.eg © All rights reserved — New Central Library
CNUL logo
Implemented & Customized by: Eng. M. Mohamady Contact: cnul@cl.cu.edu.eg © All rights reserved — Cairo National University Library